Open Data Biblioteca Nacional de Portugal


República Portuguesa: Ministério da Cultura
Biblioteca Nacional de Portugal

Catálogo da BNP: acesso por Identificadores Unívocos
Registos Bibliográficos associados ao registo de autoridade

Etiqueta de registo: 00510cam 02200193 04500
001 8980
003 http://id.bnportugal.gov.pt/bib/catbnp/8980
005 19981111014800.0
095 ## $aPTBN00009219
100 ## $a19860711d1985 k y0pora0103 ba
101 0# $apor
102 ## $aPT
200 1# $aMarinha portuguesa$fEstado Maior da Armada
210 #9 $aLisboa$cE. M. A.,$dimp. 1985
215 ## $a88 p.$cil.$d22x22 cm
675 ## $a359$vmed$zpor$3290493
710 01 $aPortugal.$bEstado Maior da Armada$314182
801 #0 $aPT$bBN$gRPC
966 ## $lBN$mFGMON$sS.C. 58291 V.
998 ## $aFSE23 - 00558

Etiqueta de registo: 00230nam 2200025 450
001 1721120
003 http://id.bnportugal.gov.pt/bib/catbnp/1721120
100 ## $a20090806d1904 m a0pory0103 ba
101 0# $apor
102 ## $aPT
105 ## $aa z 001yy
106 ## $ar
200 1# $aRegimento de sinaes da Armada
210 #9 $aLisboa$cImprensa Nacional,$d1904
215 ## $a281 p.$cil.$d25 cm
518 1# $aRegimento de sinais da Armada
675 ## $a656.6(469)"1904"(094.5)$vBN$zpor$31526819
675 ## $a656.05(469)"1904"(094.5)$vBN$zpor$31526820
675 ## $a654.9(469)"1904"(094.5)$vBN$zpor$31526821
675 ## $a359(469)"1904"(094.5)$vBN$zpor$31526822
710 01 $aPortugal.$bEstado Maior da Armada$314182
801 #0 $aPT$bBN$gRPC
966 ## $lBN$mFGMON$sS.A. 149444 V.$x3
997 ## $aBIBEOD

Etiqueta de registo: 01089cam 02200301 04500
001 245162
003 http://id.bnportugal.gov.pt/bib/catbnp/245162
005 19981204221900.0
021 ## $aPT$b24955/89
095 ## $aPTBN00254312
100 ## $a19900522d1989 k a0pory0103 ba
101 0# $apor
102 ## $aPT
105 ## $ah z 000yy
106 ## $ar
200 1# $aHomenagem da Marinha a D. Luiz marinheiro e rei
210 #9 $aLisboa$c[s.n.],$dimp. 1989$eLisboa :$gInstituto Hidrogáfico)
215 ## $a[11] p., [58] f. facsimil.$cfacsimil.$d32 cm
324 ## $aFac simil. do original exisrente no Palácio Nac. da Ajuda
532 12 $aHomenagem da Marinha a Dom Luis marinheiro e rei
600 #0 $a929 Luís,$cRei de Portugal$f1838-1889,$xMorte,1889$xCondolências da Marinha Portuguesa$x [ Albuns de assinaturas]$2SIPOR$3426918
675 ## $a929Luís, Rei de Portugal$vBN$zpor$3426919
675 ## $a393 Luís, Rei de Portugal$vBN$zpor$3426920
675 ## $a084$vBN$zpor$3362236
712 01 $aPortugal.$bEstado Maior da Armada$4340$314182
801 #0 $aPT$bBN$gRPC
966 ## $c2$lBN$mFGMON$sH.G. 8860 A.$x1
966 ## $c2$lBN$mFGMON$sH.G. 8860 A.$x1
997 ## $aBIBEOD

Etiqueta de registo: 00595cam 22002051 450
001 132799
003 http://id.bnportugal.gov.pt/bib/catbnp/132799
005 19981121211200.0
095 ## $aPTBN00138450
100 ## $a19600501d1960 em a0pora0103 ba
101 0# $apor
102 ## $aPT
200 1# $aReservas da Marinha$ecolectânea da respectiva legislação$fEstado Maior da Armada
210 #9 $aLisboa$cEstado Maior da Armada,$d1960
215 ## $a45, [3] p.$d22 cm
500 00 $aLeis, decretos, etc.
675 ## $a35/354$vmed$zpor$3288571
710 01 $aPortugal.$bEstado Maior da Armada$314182
712 01 $aPortugal.$376824
801 #0 $aPT$bBN$gRPC
966 ## $lBN$mFGMON$sS.C. 20213 P.
997 ## $aBIBEOD

Etiqueta de registo: 00505cam 02200193 04500
001 21366
003 http://id.bnportugal.gov.pt/bib/catbnp/21366
005 19981111190000.0
095 ## $aPTBN00021872
100 ## $a19870501d1980 m a0pora0103 ba
101 0# $apor
102 ## $aPT
200 1# $aMarinha Portuguesa$fEstado Maior da Armada
210 #9 $aLisboa$cE.M.A.,$d1980
215 ## $a110 p.$cil.$d12x21 cm
675 ## $a359$vmed$zpor$3290493
710 01 $aPortugal.$bEstado Maior da Armada$314182
801 #0 $aPT$bBN$gRPC
966 ## $lBN$mFGMON$sS.C. 29826 P.
997 ## $aBIBEOD
998 ## $aFSE57 - 00095

Etiqueta de registo: 00254nam 2200025 450
001 2204578
003 http://id.bnportugal.gov.pt/bib/catbnp/2204578
010 ## $a978-989-9065-29-1
021 ## $aPT$b540753/24
100 ## $a20250210d2024 m a0pory01030103ba
101 0# $apor
102 ## $aPT
105 ## $aa z 000yy
106 ## $ar
200 1# $aManual de limitação de avarias da Marinha Portuguesa$fcoord. Esatado-Maior da Armada$gpref. Henrique Eduardo Passaláqua de Gouveia e Melo
210 #9 $a[S.l.]$cEdições da Marinha$d2024
215 ## $a429 p.$cil.$d25 cm
225 2# $aManuais da Marinha
675 ## $a656.61.08(035)$vBN$zpor$31855037
675 ## $a614.843(035)$vBN$zpor$31630156
675 ## $a629.53/.56.083(035)$vBN$zpor$31944362
675 ## $a359.4(469)(035)$vBN$zpor$31753155
712 01 $aPortugal.$bEstado Maior da Armada$4340$314182
712 01 $aPortugal.$bChefe do Estado-Maior da Armada.$c2021-2024 (Henrique Gouveia e Melo)$4080$31927245
801 #0 $aPT$bBN$gRPC
856 41 $uhttp://rnod.bnportugal.gov.pt/ImagesBN/winlibimg.aspx?skey=&doc=2204578&img=204336&save=true
900 ## $aBIBNAC$d20250227
966 ## $lBN$mFGMON$sS.A. 190007 V.$x1
966 ## $lBN$mFGMON$sS.A. 190007 V.-D$x1
971 ## $corlando$d20250210
972 ## $e0$z0$d20250227$viquintas
973 ## $cigoulao$d20250211

Etiqueta de registo: 00254nam 2200025 450
001 2284189
003 http://id.bnportugal.gov.pt/bib/catbnp/2284189
010 ## $a978-989-9065-35-2
021 ## $aPT$b557488/25
100 ## $a20260413d2025 m a0pory01030103ba
101 0# $apor
102 ## $aPT
105 ## $aa z 000yy
106 ## $ar
200 1# $aManual de informações de combate da Marinha Portuguesa$fcoord. Estado-Maior da Armada
205 ## $a2ª ed. rev. e atualizada
210 #9 $a[S.l.]$cEdições da Marinha,$d2025
225 2# $aManuais da Marinha
601 02 $aPortugal.$bMarinha de Guerra$xServiços de Informações$j[Manuais]$2SIPOR$31996817
675 ## $a355.4(469)(035)$vBN$zpor$31996664
675 ## $a359(469)(035)$vBN$zpor$31417376
712 01 $aPortugal.$bEstado Maior da Armada$4340$314182
801 #0 $aPT$bBN$gRPC
856 41 $uhttp://rnod.bnportugal.gov.pt/ImagesBN/winlibimg.aspx?skey=&doc=2284189&img=221768&save=true
966 ## $lBN$mFGMON$x1
966 ## $lBN$mFGMON$x1
971 ## $cssilva$d20260413
973 ## $ctrodrigues$d20260422
974 ## $e0$d20260424$vaalmeid

OpendataBNP@bnportugal.pt | Mais informação sobre acesso aos dados BNP